| 000 -LEADER |
| fixed length control field |
00417pab a2200157 454500 |
| 008 - FIXED-LENGTH DATA ELEMENTS--GENERAL INFORMATION |
| fixed length control field |
180718b1989 xxu||||| |||| 00| 0 eng d |
| 100 ## - MAIN ENTRY--PERSONAL NAME |
| Personal name |
Wastson, Leonard E. |
| 245 ## - TITLE STATEMENT |
| Title |
The management development of women administrations |
| Remainder of title |
Some considerations |
| 260 ## - PUBLICATION, DISTRIBUTION, ETC. |
| Date of publication, distribution, etc. |
1989 |
| 300 ## - PHYSICAL DESCRIPTION |
| Extent |
15-16 |
| 362 ## - DATES OF PUBLICATION AND/OR SEQUENTIAL DESIGNATION |
| Dates of publication and/or sequential designation |
5 Jun. |
| 650 ## - SUBJECT ADDED ENTRY--TOPICAL TERM |
| Topical term or geographic name entry element |
Women as Executives |
| 700 ## - ADDED ENTRY--PERSONAL NAME |
| Personal name |
Usha Thakkar |
| 773 ## - HOST ITEM ENTRY |
| Main entry heading |
University News |
| 909 ## - |
| -- |
21021 |